Central Library OPAC University of Rajshahi

Vorlesungen über höhere Mathematik / (Record no. 8819)

MARC details
000 -LEADER
fixed length control field 00687cam a22002531 4500
001 - CONTROL NUMBER
control field 8819
003 - CONTROL NUMBER IDENTIFIER
rucl marc code BD-RjUL
005 - DATE AND TIME OF LATEST TRANSACTION
control field 20211208234647.0
008 - FIXED-LENGTH DATA ELEMENTS--GENERAL INFORMATION
fixed length control field 140119s1961 au a 000 0 ger
035 ## - SYSTEM CONTROL NUMBER
System control number (BD-RjUL)8864
System control number (OCoLC)4356893
040 ## - CATALOGING SOURCE
Original cataloging agency DLC
Transcribing agency NcRS
Modifying agency DLC
-- BD-RjUL
Language of cataloging eng
041 ## - LANGUAGE CODE
Language code of text/sound track or separate title eng
082 00 - DEWEY DECIMAL CLASSIFICATION NUMBER
Classification number 510.82
Author mark and year DUV 1961
100 1# - MAIN ENTRY--PERSONAL NAME
Personal name Duschek, Adalbert,
Dates associated with a name 1895-
9 (RLIN) 27416
245 10 - TITLE STATEMENT
Title Vorlesungen über höhere Mathematik /
Statement of responsibility, etc. Adalbert Duschek.
250 ## - EDITION STATEMENT
Edition statement 3., verb. Aufl.
260 ## - PUBLICATION, DISTRIBUTION, ETC. (IMPRINT)
Place of publication, distribution, etc. Wien :
Name of publisher, distributor, etc. Springer,
Date of publication, distribution, etc. 1961.
300 ## - PHYSICAL DESCRIPTION
Pagination vi,334 p. :
Illustrations illus. ;
Size 26 cm.
650 #0 - SUBJECT ADDED ENTRY--TOPICAL TERM
Topical term or geographic name as entry element Mathematics.
9 (RLIN) 27417
942 ## - ADDED ENTRY ELEMENTS (KOHA)
Source of classification or shelving scheme Dewey Decimal Classification
Koha item type Books
Holdings
Lost status Source of classification or shelving scheme Damaged status Not for loan Permanent Location Current Location Shelving location Date acquired Source of acquisition Cost, normal purchase price Total Checkouts Full call number Date last seen Copy number Koha item type
  Dewey Decimal Classification   Not For Loan Central Library, University of Rajshahi Central Library, University of Rajshahi   31/01/1963 Zeitlinger 87.00   510.82 DUV 1961 19/01/2014 C-1 Books